|
|
|
|
| LEADER |
00000nam0a2200000 4500 |
| 001 |
138139 |
| 005 |
20231031141329.0 |
| 010 |
|
|
|a 9785811407071
|
| 035 |
|
|
|a (RuTPU)RU\TPU\book\149690
|
| 090 |
|
|
|a 138139
|
| 100 |
|
|
|a 20061120d2008 m y0rusy50 ca
|
| 101 |
0 |
|
|a rus
|
| 102 |
|
|
|a RU
|
| 105 |
|
|
|a y j 000zy
|
| 200 |
1 |
|
|a Сборник задач по линейной алгебре
|e учебное пособие
|f И. В. Проскуряков
|
| 205 |
|
|
|a 11-е изд., стер.
|
| 210 |
|
|
|a СПб.
|c Лань
|d 2008
|
| 215 |
|
|
|a 476 с.
|
| 225 |
1 |
|
|a Классическая учебная литература по математике
|
| 225 |
1 |
|
|a Классические задачники и практикумы
|
| 330 |
|
|
|a Задачник И. В. Проскурякова — результат многолетнего опыта сотрудников кафедры высшей математики механико-математического факультета Московского университета. Он включает разделы, посвященные определителям, системам линейных уравнений, матрицам и квадратичным формам, векторным пространствам и их линейным преобразованиям. Сборник содержит типовые вычислительные задачи на применение основных алгоритмов линейной алгебры, большое число задач повышенной трудности, в том числе теоретического характера. Наиболее сложные задачи снабжены не только ответами, но и решениями. Учебное пособие предназначено для студентов физико-математических, инженерно-физических и экономико-математических специальностей вузов.
|
| 451 |
|
1 |
|0 (RuTPU)RU\TPU\book\114021
|y 978-5-8114-0707-1
|t Сборник задач по линейной алгебре
|o учебное пособие
|f И. В. Проскуряков
|e 10-е изд., стер.
|c СПб.
|n Лань
|d 2007
|p 476 с.
|s Учебники для вузов. Специальная литература
|a Проскуряков, Игорь Владимирович
|
| 610 |
1 |
|
|a линейная алгебра
|
| 610 |
1 |
|
|a задачи
|
| 610 |
1 |
|
|a определители
|
| 610 |
1 |
|
|a линейные уравнения
|
| 610 |
1 |
|
|a системы линейных уравнений
|
| 610 |
1 |
|
|a матрицы
|
| 610 |
1 |
|
|a квадратичные формы
|
| 610 |
1 |
|
|a векторные пространства
|
| 610 |
1 |
|
|a линейные преобразования
|
| 610 |
1 |
|
|a учебные пособия
|
| 675 |
|
|
|a 512.64(076)
|v 3
|
| 700 |
|
1 |
|a Проскуряков
|b И. В.
|g Игорь Владимирович
|
| 801 |
|
1 |
|a RU
|b 63413507
|c 20080521
|g PSBO
|
| 801 |
|
2 |
|a RU
|b 63413507
|c 20210226
|g PSBO
|
| 900 |
|
|
|a Линейная алгебра и аналитическая геометрия
|
| 942 |
|
|
|c BK
|
| 959 |
|
|
|a 61/20080521
|d 20
|e 0
|f АНЛ:1
|f ЧЗТЛ:1
|f УФ:18
|